000 00596nam a2200181 a 4500
001 000026124
005 20200930024325.0
008 110301s2000 pe r 000 0 spa d
020 _a9972755649
040 _aDO-SdBNP
_bspa
_cBNPHU
082 _annn
_bC397
245 0 1 _aLos centros de innovación tecnológica :
_bley y reglamento ; prólogo de Pablo Macera.
260 _aLima, (Perú) :
_bFondo Editorial del Congreso del Perú,
_c2000.
300 _a64, [2] p. ;
_c17 cm.
500 _aLey de centros de innovación tecnológica.
700 1 _aMacera, Pablo
_epról.
_932097
049 _aBNGR
999 _c25616
_d25616